116 clubs Anglais en 2018-2019 - Statistiques

Statistiques générales
  • Ce quiz a été pris 378 fois
  • Le résultat moyen est 38 sur 116
Statistiques - réponses
Ligue Club % Correct
Premier League Manchester City
98%
Premier League Arsenal FC
96%
Premier League Manchester United
95%
Premier League Liverpool FC
94%
Premier League Chelsea FC
92%
Premier League Tottenham Hotspur
88%
Championship Aston Villa
84%
Premier League Newcastle United
83%
Premier League West Ham United
83%
Premier League Everton FC
82%
Premier League Leicester City
80%
Premier League Southampton FC
74%
Championship Leeds United
73%
Premier League Fulham FC
71%
Ligue One Sunderland AFC
70%
Premier League Brighton & Hove Albion
69%
Premier League Crystal Palace
68%
Championship Nottingham Forest
68%
Premier League Burnley FC
67%
Premier League Cardiff City
67%
Championship Sheffield United
67%
Premier League Wolverhampton Wanderers
67%
Championship Norwich City
65%
Premier League AFC Bournemouth
61%
Championship Birmingham City
61%
Championship Swansea CIty
60%
Premier League Watford FC
57%
Championship Sheffield Wednesday
54%
Championship Hull City
52%
Ligue One Portsmouth FC
50%
Championship Blackburn Rovers
49%
Championship Brentford FC
49%
Championship Bolton Wanderers
48%
Championship Derby County
48%
Championship Queens Park Rangers
47%
Championship Bristol City
46%
Championship Ipswich Town
46%
Championship West Bromwich Albion
46%
Premier League Huddersfield Town
45%
Championship Stoke City
43%
Ligue One AFC Wimbledon
41%
Ligue One Oxford United
40%
Championship Middlesbrough FC
39%
Ligue One Luton Town
38%
Ligue One Coventry City
37%
Championship Wigan Athletic
37%
Championship Millwall FC
35%
Ligue One Charlton Athletic
33%
Ligue One Blackpool FC
30%
Ligue One Barnsley FC
29%
Championship Reading FC
29%
Ligue Two Cambridge United
28%
Championship Preston North End
28%
Ligue Two Northampton Town
27%
Ligue Two Exeter City
22%
Ligue One Bradford City
21%
Ligue Two Milton Kenynes Dons
21%
Ligue Two Morecambe FC
21%
Ligue One Accrington Stanley
19%
Ligue Two Notts County
19%
Ligue One Wycombe Wanderers
19%
Ligue One Bristol Rovers
18%
Ligue One Burton Albion
18%
Ligue One Doncaster Rovers
17%
Ligue One Southend United
17%
Ligue Two Forest Green Rovers
16%
Ligue Nationale Leyton Orient
16%
Ligue One Peterborough United
16%
Ligue One Plymouth Argyle
16%
Ligue Two Port Vale
16%
Championship Rotherham United
15%
Ligue Nationale Wrexham FC
15%
Ligue Nationale Chesterfield FC
14%
Ligue One Gillingham FC
14%
Ligue Two Newport County
14%
Ligue Two Tranmere Rovers
14%
Ligue Two Bury FC
13%
Ligue Two Crewe Alexandra
13%
Ligue Two Swindon Town
13%
Ligue Two Colchester United
12%
Ligue Two Lincoln City
12%
Ligue Nationale Dover Athletic
11%
Ligue Two Mansfield Town
11%
Ligue Nationale Salford
11%
Ligue One Scunthorpe United
11%
Ligue One Shrewsbury Town
11%
Ligue Two Yeovil Town
11%
Ligue Two Carlisle United
10%
Ligue Two Cheltenham Town
10%
Ligue One Walsall FC
10%
Ligue One Fleetwood Town
9%
Ligue One Rochdale FC
9%
Ligue Two Crawley Town
8%
Ligue Two Grimsby Town
8%
Ligue Two Stevenage FC
8%
Ligue Nationale Barnet FC
7%
Ligue Nationale Barrow AFC
7%
Ligue Nationale Dagenham & Redbridge
7%
Ligue Nationale Harrogate
7%
Ligue Two Oldham Athletic
7%
Ligue Nationale Sutton United
7%
Ligue Nationale Halifax Town
6%
Ligue Nationale Hartlepool
6%
Ligue Two Macclesfield Town
6%
Ligue Nationale Solihull Moors
4%
Ligue Nationale AFC Fylde
3%
Ligue Nationale Bromley FC
3%
Ligue Nationale Gateshead
3%
Ligue Nationale Aldershot Town
2%
Ligue Nationale Boreham Wood
2%
Ligue Nationale Braintree Town
2%
Ligue Nationale Eastleigh
2%
Ligue Nationale Ebbsfleet
2%
Ligue Nationale Maidstone
2%
Ligue Nationale Maidenhead
1%
Ligue Nationale Havant & Waterlooville
0%
Aucun quiz correspondant
Distribution des résultats
% des personnes avec chaque résultat
Percentile par nombre de réponses
Votre historique - résultats
Vous n’avez pas pris ce quiz